Problems in micro economics / (Record no. 123543)
[ view plain ]
| 000 -LEADER | |
|---|---|
| fixed length control field | 00721nam a22002417a 4500 |
| 005 - DATE AND TIME OF LATEST TRANSACTION | |
| control field | 20170124105927.0 |
| 010 ## - LIBRARY OF CONGRESS CONTROL NUMBER | |
| LC control number | A-48502 |
| 020 ## - INTERNATIONAL STANDARD BOOK NUMBER | |
| Terms of availability | 00 |
| 035 #h - SYSTEM CONTROL NUMBER | |
| System control number | A-48502 |
| 037 ## - SOURCE OF ACQUISITION | |
| Source of stock number/acquisition | Cen Lib/Ret |
| 040 ## - CATALOGING SOURCE | |
| Original cataloging agency | DPL |
| Language of cataloging | EN |
| 082 ## - DEWEY DECIMAL CLASSIFICATION NUMBER | |
| Classification number | 330 |
| Item number | BIL |
| 100 ## - MAIN ENTRY--PERSONAL NAME | |
| Personal name | Bilas, Rechard A. |
| 9 (RLIN) | 84854 |
| 245 ## - TITLE STATEMENT | |
| Title | Problems in micro economics / |
| Statement of responsibility, etc | by Recchard A. Bilas, Rechard S. Willace |
| 246 ## - VARYING FORM OF TITLE | |
| Remainder of title | |
| 260 ## - PUBLICATION, DISTRIBUTION, ETC. (IMPRINT) | |
| Name of publisher, distributor, etc | Tata McGraw Hill Publishing Company |
| Date of publication, distribution, etc | 1979 |
| Place of publication, distribution, etc | New Delhi |
| 270 ## - ADDRESS | |
| City | New Delhi |
| Address | 5/33, Kirti Nagar |
| Postal code | 110015 |
| 300 ## - PHYSICAL DESCRIPTION | |
| Extent | viii, 255p. ; |
| Dimensions | 21cm(Hb) |
| Other physical details | ill. |
| 650 ## - SUBJECT ADDED ENTRY--TOPICAL TERM | |
| Topical term or geographic name as entry element | Micro economics |
| 9 (RLIN) | 84855 |
| 650 ## - SUBJECT ADDED ENTRY--TOPICAL TERM | |
| Topical term or geographic name as entry element | Analysis |
| 9 (RLIN) | 84856 |
| 700 ## - ADDED ENTRY--PERSONAL NAME | |
| Personal name | Wallace, Richard S. |
| 9 (RLIN) | 84857 |
| 942 ## - ADDED ENTRY ELEMENTS (KOHA) | |
| Source of classification or shelving scheme | Dewey Decimal Classification |
| Koha item type | English Books |
| Classification part | 330 |
| Call number suffix | BIL |
| Withdrawn status | Lost status | Damaged status | Not for loan | Home library | Current library | Date acquired | Source of acquisition | Cost, normal purchase price | Total Checkouts | Full call number | Barcode | Date last seen | Copy number | Cost, replacement price | Price effective from | Koha item type |
|---|---|---|---|---|---|---|---|---|---|---|---|---|---|---|---|---|
| Central Library | Central Library | 08/06/2015 | Cen Lib/Ret | 0.00 | 330 BIL | A-48502 | 08/06/2015 | 1 | 0.00 | 08/06/2015 | English Books |
